[Event "Novokuznetsk SFO-ch U15 Girls"]
[Site "Novokuznetsk"]
[Date "2014.11.10"]
[Round "9"]
[White "Akyamsova, Diana"]
[Black "Polomoshnova, Mariya"]
[Result "1/2-1/2"]
[WhiteElo "700"]
[BlackElo "800"]
[PlyCount "75"]
[EventDate "2014.11.02"]
[EventType "swiss"]
[EventRounds "9"]
[EventCountry "RUS"]
[SourceTitle "CBM 163 Extra"]
[Source "ChessBase"]
[SourceDate "2014.12.23"]
[SourceVersion "1"]
[SourceVersionDate "2014.12.23"]
[SourceQuality "1"]

1. d4 d5 2. Nf3 Nf6 3. c4 c6 4. cxd5 cxd5 5. Nc3 e6 6. Bf4 Bd6 7. Bg3 Nc6 8. e3 0-0 9. Bd3 b6 10. 0-0 Bb7 11. Rc1 Rc8 12. a3 Bxg3 13. fxg3 Ng4 14. Qe2 Nf6 15. b4 Re8 16. Bb5 Rf8 17. Rfd1 Ne7 18. Ne5 Ng6 19. Nxg6 hxg6 20. Re1 Ne8 21. Qb2 Nd6 22. Bd3 Nc4 23. Qb3 Qg5 24. Nd1 b5 25. Bf1 a6 26. a4 Nd2 27. Qb2 Rxc1 28. Qxc1 Nxf1 29. Rxf1 Rc8 30. Qa3 Bc6 31. a5 Bb7 32. Rf3 Qe7 33. Nb2 Rc1+ 34. Rf1 Rxf1+ 35. Kxf1 Qg5 36. Kf2 Qf5+ 37. Kg1 Qb1+ 38. Kf2 1/2-1/2